000 00816 a2200181 4500
020 _a9781416953425 (pbk.)
020 _a1416953426 (pbk.)
041 _aspa
100 _aRicci, Christine.
245 _aDiego rescata al lobito = Diego's wolf pup rescue / adaptado por Christine Ricci ; ilustrado por Art Mawhinney ; [traduccin̤ de Argentina Palacios Ziegler].
260 _aNew York : Simon Spotlight/Nick Jr., 2006.
300 _a1 volume (unpaged) : color illustrations ;
_c18 cm.
_e
440 _aGo, Diego, go!
500 _aParallel text in English and Spanish. "Based on the TV series Go, Diego, go! as seen on Nick Jr."--Title page verso. "Basado en la serie televisin̤ Go, Diego, go! que se presenta en Nick Jr."--Title page verso.
700 _aMawhinney, Art,
942 _cBK
952 _71
999 _c20774
_d20774